A comprehensive introduction to differential geometry /
Guardado en:
| Autor Principal: | |
|---|---|
| Formato: | Libro |
| Idioma: | English |
| Publicado: |
Berkeley :
Publish or Perish,
1979.
|
| Edición: | 2nd ed. |
| Etiquetas: |
Agregar Etiqueta
Sin Etiquetas, Sea el primero en etiquetar este registro!
|
| LEADER | 00967cam a22002655a 4500 | ||
|---|---|---|---|
| 001 | MAT.inmabb002315 | ||
| 008 | 790703s1979####caua#####b####001#0#eng#d | ||
| 005 | 20130322164323.0 | ||
| 245 | 1 | 2 | |a A comprehensive introduction to differential geometry / |c Michael Spivak. |
| 250 | |a 2nd ed. | ||
| 260 | |a Berkeley : |b Publish or Perish, |c 1979. | ||
| 300 | |a 5 v. : |b il. ; |c 24 cm. | ||
| 504 | |a Incluye referencias bibliográficas. | ||
| 510 | 4 | |a MR, |c 82g:53003a | |
| 500 | |a La biblioteca posee los vols. 3, 4 y 5. Para los vols. 1 y 2, consulte la 1ª ed. |5 AR-BbIMB | ||
| 020 | |a 0914098837 (v. 1-5) | ||
| 020 | |a 0914098829 (v. 3-5) | ||
| 020 | |a 0914098799 (pbk.) | ||
| 100 | 1 | |a Spivak, Michael. | |
| 246 | 3 | 0 | |a Differential geometry |
| 084 | |a 53-01 |2 msc2000 | ||
| 010 | |a 78071771 | ||
| 859 | |h 53 |i Sp761-2 |p A-4842 |v 3 |3 Vol. III |b BIB. MATEMATICA | ||
| 859 | |h 53 |i Sp761-2 |p A-4843 |v 4 |3 Vol. IV |b BIB. MATEMATICA | ||
| 859 | |h 53 |i Sp761-2 |p A-4844 |v 5 |3 Vol. V |b BIB. MATEMATICA | ||
